000 00424nam a2200181Ia 4500
005 20250603145018.0
008 250603s9999 xx 000 0 und d
020 _a9789789322237
050 _aTN 870 .A34/
100 _aAdeniran, G.
245 0 _aFundamentals of oil and gas operations
260 _aLagos
260 _bSea Level Associates
260 _c2013
300 _a216 p
650 _aLagos
942 _cBK
999 _c40611
_d40611